Música preescolar
Saved in:
| Main Author: | |
|---|---|
| Format: | Book |
| Language: | Spanish |
| Published: |
Barcelona
Daimon
1982
|
| Series: | Música para toda la enseñanza
|
| Subjects: | |
| Tags: |
Add Tag
No Tags, Be the first to tag this record!
|
MARC
| LEADER | 00000nam a2200000 a 4500 | ||
|---|---|---|---|
| 001 | UCW7323 | ||
| 003 | CL-VaPUC | ||
| 008 | 921027e19820000SP |||||||||||||||||spa|d | ||
| 082 | 0 | 4 | |a 372.87 |b CAT |2 21 |
| 100 | 0 | |a Cateura Mateu, María |e author |9 312470 | |
| 245 | 1 | 0 | |a Música preescolar |
| 300 | |a v | ||
| 942 | |c BK | ||
| 945 | |d 19921027 00:00:00 | ||
| 260 | |a Barcelona |b Daimon |c 1982 | ||
| 500 | |a Incluye guía del educador | ||
| 650 | 0 | |a Música |9 306269 | |
| 650 | 0 | |a Educación preescolar |9 260381 | |
| 583 | |a last modification |c 19921027 00:00:00 |k Rodrigo Vera | ||
| 490 | 0 | |a Música para toda la enseñanza | |
| 999 | |c 220115 |d 220113 | ||
| 952 | |0 0 |1 0 |4 0 |6 372_870000000000000_CAT_1982 |7 0 |8 P |9 211913 |a BIBEDU |b BIBEDU |c BIBEDU_PB |d 2019-11-15 |h g |i 280154K |o 372.87 CAT 1982 |p 280154K |r 2024-01-25 |w 2019-11-15 |y BK |k EDU | ||
| 952 | |0 0 |1 0 |4 0 |6 372_870000000000000_CAT_1982 |7 0 |8 P |9 211914 |a BIBEDU |b BIBEDU |c BIBEDU_PB |d 2019-11-15 |h v.1 |i 1560786 |o 372.87 CAT 1982 |p 1560786 |r 2024-01-25 |w 2019-11-15 |y BK |k EDU | ||
| 952 | |0 0 |1 0 |4 0 |6 372_870000000000000_CAT_1982 |7 0 |8 P |9 211915 |a BIBEDU |b BIBEDU |c BIBEDU_PB |d 2019-11-15 |h v.2 |i 1560794 |o 372.87 CAT 1982 |p 1560794 |r 2024-01-25 |w 2019-11-15 |y BK |k EDU | ||
| 952 | |0 0 |1 0 |4 0 |6 372_870000000000000_CAT_1982 |7 0 |8 P |9 211916 |a BIBEDU |b BIBEDU |c BIBEDU_PB |d 2019-11-15 |h v.3 |i 1560808 |o 372.87 CAT 1982 |p 1560808 |r 2024-01-25 |w 2019-11-15 |y BK |k EDU | ||